Score 0/20 Timer 05:00
0 Plays Today
% Correct
Dolphin
99.7%
Lion
99.1%
Butterfly
98.7%
Elephant
98%
Tiger
97.7%
Swan
97.5%
Octopus
97.4%
Monkey
97.4%
Flamingo
97.1%
Zebra
97.1%
% Correct
Camel
96.7%
Polar Bear
96.7%
Hippopotamus
96.4%
Dragon
96.1%
Elk
95.7%
Squirrel
95.7%
T-Rex
95.5%
Crab
95.1%
Turtle
92.6%
Mantis
87%
Remove Ads.
Support Sporcle.
Get the best of Sporcle when you Go Orange. This ad-free experience offers more features, more stats, and more fun while also helping to support Sporcle. Thank you for becoming a member.

You're not logged in!

Compare scores with friends on all Sporcle quizzes.
OR
Log In

Show Comments

Extras

Top Quizzes Today


Score Distribution

Your Account Isn't Verified!

In order to create a playlist on Sporcle, you need to verify the email address you used during registration. Go to your Sporcle Settings to finish the process.

Report this User

Report this user for behavior that violates our Community Guidelines.

Details: